[Event "Satka Autumn 2020"]
[Site "Satka"]
[Date "2020.10.27"]
[Round "7.13"]
[White "Nasybullina, Dayana"]
[Black "Leolko, Ludmila"]
[Result "1/2-1/2"]
[WhiteElo "1802"]
[BlackElo "1899"]
[Annotator "NA RC"]
[PlyCount "101"]
[EventDate "2020.10.21"]
[EventType "swiss"]
[EventCountry "RUS"]
[SourceTitle "playchess.com"]
[Source "ChessBase"]
[SourceQuality "1"]
[TimeControl "5400+30"]

{[%evp 9,70,28,36,19,14,-10,1,0,0,-29,-4,-23,0,-15,6,6,0,0,-3,0,16,10,13,1,39,6,0,0,0,0,0,-5,0,-24,-1,0,0,0,0,0,0,-23,-24,-49,-10,-53,-17,-18,0,10,55,60,79,64,66,75,68,72,94,70,75,91,111]} 1. e4 {[%emt 0:00:00]} c5 {[%emt 0:00:00]} 2. Nf3 {[%emt 0:00:11]} d6 {[%emt 0:00:00]} 3. d4 {[%emt 0:00:12]} cxd4 {[%emt 0:00:00]} 4. Nxd4 {[%emt 0:00:05]} Nf6 {[%emt 0:00:00]} 5. Nc3 {[%emt 0:00:14]} g6 {[%emt 0:00:01]} 6. f4 {[%emt 0:00:39]} Nc6 {[%emt 0:00:04]} 7. Nxc6 {[%emt 0:00:28]} bxc6 {[%emt 0:00:12]} 8. e5 {[%emt 0:00:25]} Nd7 {[%emt 0:00:27]} 9. exd6 {[%emt 0:00:44]} exd6 {[%emt 0:00:04]} 10. Qd4 {[%emt 0:01:05]} Qf6 {[%emt 0:00:11] B71: Sicilian Dragon: 6 f4.} 11. Be3 {[%emt 0:00:45]} Bg7 {[%emt 0:00:08]} 12. O-O-O {[%emt 0:04:31]} d5 {[%emt 0:00:54]} 13. Qxf6 {[%emt 0:04:48]} Nxf6 {[%emt 0:00:12]} 14. Bc5 {[%emt 0:01:31] [#]} Bf5 $146 {[%emt 0:04:04]} ({Predecessor:} 14... Be6 15. Ba6 Kd7 16. Rhe1 Kc7 17. Be2 Nd7 18. Bd4 Bxd4 19. Rxd4 Rhe8 {½-½ (56) Coret Frasquet,J (2300)-Eslon,J (2360) Valencia 1990}) 15. Bd3 {[%emt 0:02:58]} Bxd3 {[%emt 0:13:41]} 16. Rxd3 {[%emt 0:00:36]} Kd7 {[%emt 0:00:09]} 17. Re1 {[%emt 0:01:47]} Rhe8 {[%emt 0:00:27]} 18. Rde3 {[%emt 0:02:49]} Rxe3 {[%emt 0:02:11]} 19. Rxe3 {[%emt 0:01:27]} Bf8 {[%emt 0:00:17]} 20. Bxf8 {[%emt 0:12:10]} Rxf8 {[%emt 0:00:04]} 21. Na4 {[%emt 0:04:34]} Ne4 {[%emt 0:01:31]} 22. Ra3 {[%emt 0:01:51]} Rb8 {[%emt 0:08:09]} 23. Nc3 {[%emt 0:04:18]} Rb7 {[%emt 0:00:40]} 24. Nxe4 {[%emt 0:00:56]} dxe4 {[%emt 0:00:10]} 25. Rh3 {[%emt 0:12:06]} Ke6 {[%emt 0:03:25]} 26. g4 {[%emt 0:09:21]} f6 {[%emt 0:02:55]} 27. Rc3 {[%emt 0:04:12]} Kd5 {[%emt 0:00:52]} 28. b3 {[%emt 0:00:45]} h6 {[%emt 0:22:00]} 29. Kd2 {[%emt 0:03:13]} c5 {[%emt 0:02:18]} 30. Rh3 {[%emt 0:03:14]} Rh7 {[%emt 0:01:23]} 31. Ke3 {[%emt 0:04:54]} c4 {[%emt 0:19:17]} 32. bxc4+ {[%emt 0:01:01]} Kxc4 {[%emt 0:00:05]} 33. Kxe4 {[%emt 0:00:15]} a5 {[%emt 0:01:04]} 34. Ra3 {[%emt 0:03:00]} Re7+ {[%emt 0:00:34]} 35. Kf3 {[%emt 0:00:10]} Ra7 $16 {[%emt 0:00:33]} 36. Re3 {[%emt 0:02:59]} a4 {[%emt 0:05:35]} 37. a3 {[%emt 0:02:31]} Kd5 {[%emt 0:10:26]} 38. f5 {[%emt 0:04:36]} gxf5 {[%emt 0:01:56]} 39. gxf5 {[%emt 0:00:04]} Rc7 {[%emt 0:00:06]} 40. Kg4 {[%emt 0:06:13]} Rxc2 {[%emt 0:01:47]} 41. h4 {[%emt 0:01:01]} Rf2 {[%emt 0:01:14]} 42. Re6 {[%emt 0:00:49]} h5+ {[%emt 0:00:14]} 43. Kg3 {[%emt 0:00:11]} Rxf5 {[%emt 0:00:40]} 44. Ra6 {[%emt 0:00:07]} Ke4 {[%emt 0:01:12]} 45. Re6+ {[%emt 0:01:36]} Kd3 {[%emt 0:00:40]} 46. Ra6 {[%emt 0:00:10]} Ke3 {[%emt 0:00:08]} 47. Re6+ {[%emt 0:00:57]} Kd2 {[%emt 0:00:45]} 48. Ra6 {[%emt 0:00:07]} Ke2 {[%emt 0:00:37]} 49. Re6+ {[%emt 0:00:08]} Kd2 {[%emt 0:00:36]} 50. Ra6 {[%emt 0:00:21]} Ke3 {[%emt 0:00:29]} 51. Re6+ {[%emt 0:00:08]} 1/2-1/2

[Event "Satka Autumn 2020"]
[Site "Satka"]
[Date "2020.10.28"]
[Round "8.1"]
[White "Afonasieva, Anna"]
[Black "Doroshenko, Diana"]
[Result "1/2-1/2"]
[WhiteElo "2279"]
[BlackElo "2214"]
[Annotator "TA"]
[PlyCount "95"]
[EventDate "2020.10.21"]
[EventType "swiss"]
[EventCountry "RUS"]
[SourceTitle "playchess.com"]
[Source "ChessBase"]
[SourceQuality "1"]

{[%evp 15,95,-7,13,12,0,-3,0,-32,-31,-33,-20,-43,0,-12,36,41,41,39,34,36,35,35,99,26,73,27,62,54,87,84,65,73,109,94,155,150,158,124,243,243,220,225,310,324,331,324,256,262,419,296,304,252,643,332,282,243,241,241,253,253,252,248,251,238,241,237,336,343,336,0,219,212,325,314,231,0,0,0,0,0,0,0]} 1. d4 d5 2. Nf3 Nf6 3. c4 e6 4. e3 c5 5. Nc3 Nc6 6. Bd3 cxd4 7. exd4 Be7 8. O-O O-O 9. c5 {B14: Caro-Kann: Panov-Botvinnik Attack with 5...e6 and 5...g6.} b6 $1 10. Bb5 Bd7 11. Bxc6 Bxc6 12. b4 Ne4 13. Bb2 bxc5 14. dxc5 Nxc3 (14... Rb8 $5 {[%cal Rb8b4]} 15. Nd4 Ba8 16. Nxe4 dxe4 $11) 15. Bxc3 a5 16. a3 Qc7 17. Nd4 Bd7 18. f4 f6 (18... Rfd8 $14) 19. Re1 (19. Qf3 $16) 19... Rfe8 20. Kh1 Bf8 21. Qf3 Kh8 22. Nb3 axb4 23. axb4 Rab8 24. h3 Bc6 (24... Qb7 $142) 25. Nd4 $16 Bd7 26. Ra2 e5 (26... Qc8 $16) 27. fxe5 $18 fxe5 28. Rae2 e4 ({And not} 28... exd4 29. Rxe8 h6 30. Rxf8+ Rxf8 31. Qxf8+ Kh7 32. Re7 $1 {[%mdl 512]} Qe5 33. Rxe5) 29. Qf7 {Hoping for Nf5.} Qb7 30. Rf1 {And now Ref2 would win.} Ba4 31. Qh5 {Strongly threatening Rf7.} e3 (31... Qa6 $142 32. Qxd5 Qd3) 32. Rf7 Re7 33. Rxe7 Bxe7 $2 (33... Qxe7 34. Qxd5 Rd8) 34. Rxe3 {Threatens to win with c6!} Bf6 35. b5 Bxb5 36. Nxb5 $40 {[%mdl 128] White goes for the king.} Qxb5 37. Bxf6 Qf1+ 38. Kh2 {Threatening mate with Re8+.} Qf4+ 39. Rg3 Qxf6 40. Qxd5 {[%mdl 4096] Endgame KQR-KQR} Qe7 (40... Rd8 $142 41. Qe4 Qf7) 41. c6 Rd8 42. Qa5 $2 ({White should play} 42. Qb5 $18) 42... Rc8 $2 (42... h6 $1 $11 {and Black has nothing to worry.}) 43. Qa6 Qc7 (43... Rb8 $142 44. Qd3 h6) 44. Qb7 Kg8 {[#]} 45. Kg1 $2 ({White must play} 45. h4 $1 $18) 45... Qxb7 $1 $11 {The position is equal.} 46. cxb7 Rc1+ $1 47. Kf2 Rb1 48. Rc3 {Av CentiPawn Loss W=-34/B=-33. Weighted=-42/-41} 1/2-1/2

[Event "Satka Autumn 2020"]
[Site "Satka"]
[Date "2020.10.28"]
[Round "8.2"]
[White "Khokhlova, Daria"]
[Black "Voit, Daria"]
[Result "0-1"]
[WhiteElo "2168"]
[BlackElo "2343"]
[Annotator "TA"]
[PlyCount "90"]
[EventDate "2020.10.21"]
[EventType "swiss"]
[EventCountry "RUS"]
[SourceTitle "playchess.com"]
[Source "ChessBase"]
[SourceQuality "1"]

{[%evp 15,90,17,32,25,29,15,30,27,22,8,31,17,46,-4,-31,-62,-16,-75,-69,-72,-94,-112,-57,-85,-116,-188,-170,-194,-184,-207,-202,-211,-196,-188,-200,-456,-456,-463,-114,-119,-94,-103,-106,-137,-146,-248,-252,-215,-148,-244,-206,-229,-198,-335,-304,-296,-288,-305,-306,-350,-343,-378,-390,-719,-714,-693,-719,-719,-708,-672,-712,-693,-647,-1379,-1379,-691,-658]} 1. d4 d5 2. c4 c6 3. Nf3 Nf6 4. e3 Bf5 5. Nc3 e6 6. Nh4 Be4 7. f3 Bg6 8. Qb3 Qc7 9. Bd2 {D12: Slav Defence: 3 Nf3 Nf6 4 e3 Bf5.} Be7 10. g3 a6 11. Rc1 {White has an edge.} dxc4 12. Bxc4 Nbd7 13. a4 O-O 14. Kf2 Bh5 15. Bd3 Rfd8 16. Qc2 (16. Ne2 $11) 16... c5 $17 17. Ne2 Qd6 18. Bc3 Rac8 ({Black should play} 18... g5 $17 19. g4 Bxg4) 19. Qb1 cxd4 20. Bxd4 {[#]} (20. exd4 $17 g5 21. g4) 20... Rxc1 $1 $19 21. Rxc1 g5 22. Ng2 e5 23. Bc3 Nc5 24. Bc2 Bg6 25. Bb4 $2 (25. Kg1 {was called for.}) 25... Bxc2 26. Bxc5 {[#]} Bxb1 $2 (26... Ne4+ $1 $19 {[%mdl 512] has better winning chances.} 27. Kg1 (27. fxe4 Qf6+) 27... Qd2 28. Rxc2 Qd1+ 29. Qxd1 Rxd1+ 30. Ne1 Rxe1+ 31. Kg2 Nxc5) 27. Bxd6 $17 Rxd6 28. Rxb1 Rd2 29. e4 Bc5+ 30. Ke1 (30. Kf1 $17 {was forced.}) 30... Rd3 $19 31. b4 Be7 32. f4 (32. Kf2 $17 {was worth a try.}) 32... Nxe4 33. fxe5 Nd2 34. Rb2 (34. Nc1 $142 Rd4 35. Nb3 Nxb3 36. Rxb3) 34... Nc4 35. Rb1 Nxe5 36. Nc1 Ra3 37. b5 a5 ({But not} 37... Rxa4 38. bxa6 bxa6 39. Kf1) 38. Ke2 Rxa4 39. Ne3 $2 (39. Rb2) 39... Re4 {Black is clearly winning.} 40. Nb3 Ng4 41. Kf3 Rxe3+ 42. Kxg4 Re4+ 43. Kf5 Rb4 44. Nd2 Rxb1 45. Nxb1 Bb4 {Av CentiPawn Loss W=-58/B=-18. Weighted=-49/-15} 0-1

[Event "Satka Autumn 2020"]
[Site "Satka"]
[Date "2020.10.28"]
[Round "8.3"]
[White "Dubnikova, Anastasia"]
[Black "Protopopova, Anastasiya"]
[Result "0-1"]
[WhiteElo "2148"]
[BlackElo "2210"]
[Annotator "TA"]
[PlyCount "150"]
[EventDate "2020.10.21"]
[EventType "swiss"]
[EventCountry "RUS"]
[SourceTitle "playchess.com"]
[Source "ChessBase"]
[SourceQuality "1"]

{[%evp 10,149,5,0,9,-19,-14,-12,-18,-29,-19,-18,-18,-22,-13,-12,0,-16,0,-26,-10,-26,0,-79,-75,-77,-80,-87,-70,-45,-4,0,120,125,136,127,120,127,125,76,103,102,117,78,85,73,115,12,12,14,12,0,0,0,8,-18,-22,-41,-54,-50,-60,-65,0,0,111,97,110,109,109,97,110,0,246,243,231,0,0,0,26,0,93,0,0,0,0,-747,-739,-687,-351,-537,-301,-343,-317,-276,-286,-405,-422,-923,-875,-1002,-996,-985,-977,-938,-870,-965,-768,-1191,-1054,-1654,-1383,-2031,-2007,-1931,-1843,-1628,-1547,-29973,-29974,-29979,-29975,-29975,-29976,-29976,-29977,-29979,-29980,-29981,-29982,-29982,-29982,-29987,-29984,-29985,-29983,-29993,-29983,-29994,-29995,-29998,-29999,-29999]} 1. d4 Nf6 2. Nf3 b6 3. Bf4 Bb7 4. e3 g6 5. Nbd2 Bg7 6. Bd3 d6 {A47: 1 d4 Nf6 2 Nf3 b6: Torre, London and Colle Systems.} 7. h3 O-O 8. Qe2 a5 {The position is equal.} 9. O-O Nbd7 10. Bh2 Re8 11. e4 e5 12. dxe5 dxe5 13. Bc4 Nh5 14. Rfe1 Qe7 15. c3 Nc5 16. Bd5 (16. Qe3 $11 {remains equal.}) 16... c6 $1 $17 {[%cal Rc6d5]} 17. Bb3 Ba6 (17... Nxb3 18. axb3 b5 19. g4 $11) 18. Qe3 Rad8 ({Much worse is} 18... Nxb3 $6 19. axb3 Qc7 20. Nc4 $11) 19. Bc4 b5 20. Bf1 Qf8 (20... Nf4 $11 {keeps the balance.}) 21. Nb3 $16 Na4 22. Qc1 Nf4 23. Nxa5 Qc5 24. Nb3 Qb6 25. Bxf4 exf4 26. Qxf4 Nxb2 27. e5 Bc8 28. Ng5 (28. Nbd4 $16) 28... Qc7 $11 {[%cal Re8e5]} 29. Nd4 {Strongly threatening Nxc6!} f6 ({Avoid the trap} 29... Bxe5 $2 30. Rxe5 $1 {[%mdl 512]} Rxe5 31. Nxc6 $1 $18 {[%mdl 512]}) 30. Qc1 {Hoping for exf6.} fxg5 31. Qxb2 Bxe5 32. Qb3+ Kg7 33. a4 b4 34. Rxe5 Rxe5 35. Nf3 Red5 ({Black should play} 35... Re7 $15) 36. cxb4 g4 (36... Qd6 $11) 37. hxg4 $16 Bxg4 38. Qc3+ Kh6 39. Nh2 $1 {[%cal Rh2g4]} Bc8 40. b5 (40. Re1 $16) 40... Rd1 $2 (40... Rf8 $1 $11) 41. Rxd1 $18 Rxd1 42. Qe3+ $2 (42. a5 $1 $18) 42... Kg7 $1 $11 43. b6 Qd6 44. a5 Ba6 {[#]} (44... Rb1 $11) 45. g3 (45. b7 $1 $16 {[%mdl 512] aiming for Qa7.} Bxb7 46. a6 $1 {[%mdl 512]}) 45... c5 46. Kg2 Qd5+ 47. Qf3 $2 {[%mdl 8192]} (47. Kg1 $11) 47... Qxf3+ $19 48. Kxf3 {[%mdl 4096] Endgame KRB-KBN} Bb7+ 49. Kf4 (49. Ke3 $142 Ra1 50. Bd3) 49... Ra1 50. Ke5 Rxa5 51. Kd6 {[#]} h5 $1 52. Be2 {[#]} ({Much weaker is} 52. Kc7 Ba8 $17) (52. Bc4 {was called for.} g5 53. Nf1) 52... Ra2 $1 {[%cal Ra2e2]} 53. Bf3 (53. Bb5 $142 Rb2 54. Kxc5) 53... Ba6 54. Bd5 Rxf2 55. Nf3 c4 56. Nd4 c3 57. Be4 g5 58. Ne6+ Kh6 59. Nc5 Bc8 60. Kc7 c2 61. Nb3 Ba6 62. Kb8 Bc4 63. Nc1 Rf1 {Black mates.} 64. Kc7 Ba6 65. Nb3 c1=Q+ 66. Nxc1 Rxc1+ 67. Kb8 h4 68. gxh4 gxh4 69. Ka7 Ra1 70. Ba8 h3 71. Kb8 h2 72. Ka7 Bc8+ 73. Kb8 {[#]} Rxa8+ $1 {[%mdl 64] Remove Defender, Promotion} 74. Kxa8 h1=Q+ 75. Kb8 Qb7# {Quite a comeback for Black. Av CentiPawn Loss W=-77/B=-35. Weighted=-70/-35} 0-1

[Event "Satka Autumn 2020"]
[Site "Satka"]
[Date "2020.10.28"]
[Round "8.4"]
[White "Bivol, Alina"]
[Black "Maltsevskaya, Aleksandra"]
[Result "1/2-1/2"]
[WhiteElo "2393"]
[BlackElo "2260"]
[Annotator "TA"]
[PlyCount "91"]
[EventDate "2020.10.21"]
[EventType "swiss"]
[EventCountry "RUS"]
[SourceTitle "playchess.com"]
[Source "ChessBase"]
[SourceQuality "1"]

{[%evp 11,91,16,14,1,14,9,10,10,25,25,21,38,34,31,38,32,20,0,0,0,0,7,0,0,0,0,5,0,74,82,79,71,75,72,54,69,131,137,123,86,83,12,565,556,444,0,0,0,0,0,0,-6,0,0,0,-6,0,0,0,0,0,0,0,0,0,0,0,0,8,8,8,0,11,0,0,0,12,12,12,0,0,0]} 1. e4 c6 2. d4 d5 3. e5 Bf5 4. h4 h5 5. Bd3 Bxd3 6. Qxd3 e6 7. Bg5 {B12: Caro-Kann: Advance Variation.} Qa5+ 8. Nd2 Qa6 9. c4 Bb4 10. b3 Ne7 11. Ngf3 Nf5 12. O-O O-O 13. Rfd1 c5 14. a3 Bxd2 $1 15. Rxd2 {With the idea cxd5.} dxc4 16. bxc4 cxd4 17. Nxd4 Nxd4 18. Qxd4 Nc6 19. Qf4 {Strongly threatening Bf6!} Nxe5 (19... Rae8 $11) 20. Qxe5 $16 {Black must now prevent Rd7.} f6 21. Qe2 {aiming for Be3.} fxg5 22. Rad1 $36 {[%mdl 2048] White has strong initiative.} gxh4 23. Rd6 Qa5 (23... Qa4 $14) 24. Qxe6+ Rf7 25. R1d5 {[%mdl 1024] White has strong compensation.} Qc7 26. Qe4 (26. Rxh5 $16 Qe7 27. Qg6 Qe1+ 28. Kh2 Qxf2 29. Qh7+ Kf8 30. Rxh4) 26... h3 $2 {[%mdl 8192] [#]} (26... b6 $11 {and Black is okay.}) 27. c5 $1 $18 Re7 {[#]} 28. Re5 $2 (28. Qd3 $1 $18 Re1+ 29. Kh2 hxg2 30. Kxg2) 28... Rxe5 $11 {The position is equal.} 29. Qxe5 {[%mdl 4096] Endgame KQR-KQR} Qf7 30. gxh3 Rf8 31. Qd4 Qf4 32. Qd5+ Qf7 33. Qd4 Qf4 34. Qd5+ Qf7 35. Kg2 Kh7 36. Qxf7 Rxf7 {KR-KR} 37. c6 bxc6 38. Rxc6 Rd7 39. a4 Rd4 40. Ra6 Rd7 41. Kg3 g6 42. Rc6 Rd3+ 43. f3 Rd7 44. a5 Kh6 45. a6 Kg5 46. Rc5+ {Av CentiPawn Loss W=-15/B=-16. Weighted=-17/-36} 1/2-1/2

[Event "Satka Autumn 2020"]
[Site "Satka"]
[Date "2020.10.28"]
[Round "8.5"]
[White "Schepetkova, Margarita"]
[Black "Kovanova, Baira"]
[Result "0-1"]
[WhiteElo "2257"]
[BlackElo "2324"]
[Annotator "TA"]
[PlyCount "62"]
[EventDate "2020.10.21"]
[EventType "swiss"]
[EventCountry "RUS"]
[SourceTitle "playchess.com"]
[Source "ChessBase"]
[SourceQuality "1"]

{[%evp 19,62,14,24,14,31,26,18,0,0,10,6,3,43,24,45,47,39,43,43,43,61,61,65,65,46,52,66,36,55,59,69,38,35,35,67,52,64,-318,-331,-331,-322,-516,-507,-1007,-931]} 1. d4 Nf6 2. c4 e6 3. g3 c5 4. d5 exd5 5. cxd5 d6 6. Bg2 g6 7. Nf3 Bg7 8. O-O O-O 9. Nc3 Re8 10. Bf4 Na6 11. Re1 {A62: Modern Benoni: Fianchetto Variation without early ...Nbd7.} Bf5 12. Nd2 Nh5 13. Be3 {The position is equal.} Qd7 14. a4 Nb4 15. Rc1 $1 Rab8 16. Nc4 b6 17. Nb5 Bf8 18. Bd2 {Threatens to win with e4.} a6 19. Nd4 $1 Nd3 20. exd3 Rxe1+ 21. Bxe1 cxd4 22. a5 bxa5 $1 23. Bxa5 Nf6 24. Bb6 Qb5 25. Bxd4 Nxd5 26. Qf3 $36 {[%mdl 2048] White fights for an advantage.} Nb4 27. g4 Nxd3 28. gxf5 $4 {[%mdl 8192] [#] This costs White the game.} (28. Rc3 $14 {is the one way to stay ahead.} Ne1 29. Qf4 Nxg2 30. Kxg2 Qd5+ 31. f3) 28... Nxc1 $19 29. fxg6 hxg6 30. Kh1 $2 (30. Bf1 Qg5+ 31. Qg3 Qxg3+ 32. hxg3) 30... Nb3 ({Stronger than} 30... Qxc4 31. Qf6 $16) 31. Na3 (31. Qc3 $142) 31... Nxd4 {[%mdl 64] Discovered Attack. Av CentiPawn Loss W=-55/B=-11. Weighted=-105/-10} 0-1

[Event "Satka Autumn 2020"]
[Site "Satka"]
[Date "2020.10.28"]
[Round "8.6"]
[White "Petrukhina, Olga"]
[Black "Alekseeva, Irina"]
[Result "1-0"]
[WhiteElo "2109"]
[BlackElo "2110"]
[Annotator "TA"]
[PlyCount "111"]
[EventDate "2020.10.21"]
[EventType "swiss"]
[EventCountry "RUS"]
[SourceTitle "playchess.com"]
[Source "ChessBase"]
[SourceQuality "1"]

{[%evp 19,110,0,14,-37,-34,-51,-57,-59,-53,-68,-31,-45,-42,-73,-40,-59,-42,-53,-34,-42,-30,-32,-37,-94,-94,-94,-83,-100,-73,-85,-21,-15,14,0,0,0,0,0,91,87,135,73,72,77,75,75,66,93,114,109,265,254,195,158,166,160,184,137,143,140,732,25,263,249,1251,1202,29981,29982,29991,306,306,301,29982,29983,29977,4997,29971,29963,5406,5406,29989,29990,29990,29991,29991,29992,29992,29993,29993,29992,29992,29993,29999]} 1. Nf3 c5 2. g3 Nc6 3. Bg2 Nf6 4. O-O e5 5. c4 d5 6. cxd5 Nxd5 7. d3 Be7 8. Nc3 Nc7 9. Be3 O-O 10. Rc1 Be6 11. Na4 {A34: Symmetrical English: 2 Nc3, lines with ...d5.} (11. Nd2 $11) 11... b6 $15 12. a3 Nd5 13. Bd2 {Black is slightly better.} Rc8 14. Nc3 f6 15. Nxd5 Bxd5 16. Be3 Qd7 17. Re1 Rfd8 18. Qa4 Qe6 19. Qh4 Qf7 20. Qa4 h6 21. Bh3 (21. Nd2 $15) 21... f5 $17 22. Bg2 g5 23. h3 f4 24. Bd2 h5 ({Black should try} 24... Rb8 $17) 25. Bc3 $11 Qe6 26. Nd2 a5 27. Bxd5 Rxd5 28. Qe4 fxg3 (28... Rf8 $11) 29. fxg3 $16 Rcd8 30. Kg2 (30. Rf1 $142 $1) 30... b5 {next ...b4 is good for Black.} 31. b3 b4 32. axb4 axb4 33. Bb2 Nd4 34. Rf1 Nxe2 $2 (34... g4 $16) 35. Qxe2 $18 Rxd3 36. Nc4 {Black must now prevent Rce1.} h4 37. Rf3 ({Not} 37. Qxe5 Qc6+ 38. Kf2 (38. Kh2 Rd2+ 39. Nxd2 Rxd2+ 40. Qe2 Rxe2+ 41. Rf2 Rxf2+ 42. Kg1 Qg2#) (38. Kg1 $2 Rxg3+ 39. Qxg3 hxg3 $19) 38... Rf3+ 39. Ke2 Bf6 $11) 37... e4 38. Re3 Rxe3 39. Nxe3 {Threatens to win with Ba1.} (39. Qxe3 $2 {is the wrong capture.} Rd3 $19) 39... Rd3 $2 {[%mdl 8192]} (39... Qxb3 $16 40. Nf5 {[%mdl 64] Discovered Attack} Bf8) 40. Ra1 $2 (40. Qh5 $18 {White wants to mate with Qe8+.} Rd2+ {[%mdl 64] Double Attack} 41. Kg1 Rxb2 42. Qe8+ Kh7 43. Rf1) 40... Qd6 $2 (40... Qxb3 $11 41. Ra8+ Rd8 42. Rxd8+ Bxd8) 41. Nf1 Qd5 $2 ({But not} 41... Rxg3+ 42. Nxg3 Qxg3+ 43. Kf1) (41... Qg6 42. Ra7 Bf8) 42. Qh5 {Threatening mate with Qg6+.} e3+ 43. Kg1 Qf5 {[#]} 44. Qh8+ $2 (44. Nxe3 $1 {[%mdl 512] mates} Qf2+ (44... Rxe3 45. Ra8+) 45. Kxf2 Kf8 46. Qh8+ Kf7 {[#]} 47. Ra7 $1 {[%mdl 512]} Rd2+ 48. Kg1 Rxb2 49. Qh7+ Kf6 50. Qxe7+ {[%mdl 64] Double Attack} Kg6 51. Qh7+ {[%mdl 64] Double Attack} Kf6 52. Qf5#) 44... Kf7 45. Qg7+ Ke6 $2 (45... Ke8 $18 46. Qg8+ Bf8) 46. Qg8+ Qf7 47. Ra6+ (47. Qc8+ $142 Rd7 48. Nxe3 Bd6 49. Ng4 Bxg3 50. Qc6+ Rd6 51. Qe4+ Be5 52. Qxe5+ {[%mdl 64] Double Attack} Kd7 53. Ra7+ Kc6 54. Rxf7) 47... Bd6 48. Qc8+ Qd7 49. Qa8 {Qe4+ would kill now.} Rd5 50. Nxe3 {White mates.} Rd2 51. Qe4+ {[%mdl 64] Double Attack} Kf7 52. Qh7+ Ke6 53. Qg6+ {[%mdl 64] Double Attack} Ke7 54. Qxg5+ Kf7 55. Qg7+ Ke6 56. Qf6# {Av CentiPawn Loss W=-9/B=404. Weighted=-58/55} 1-0

[Event "Satka Autumn 2020"]
[Site "Satka"]
[Date "2020.10.28"]
[Round "8.7"]
[White "Prudnikova, Svetlana"]
[Black "Borisova, Ekaterina"]
[Result "0-1"]
[WhiteElo "2203"]
[BlackElo "2292"]
[Annotator "TA"]
[PlyCount "81"]
[EventDate "2020.10.21"]
[EventType "swiss"]
[EventCountry "RUS"]
[SourceTitle "playchess.com"]
[Source "ChessBase"]
[SourceQuality "1"]

{[%evp 10,81,19,16,32,27,47,21,21,19,19,11,19,18,48,42,91,83,77,81,115,123,120,116,118,97,86,0,0,0,9,5,0,0,16,0,8,0,21,0,0,-39,10,13,29,-25,-25,-21,-11,-11,-12,-18,-11,-139,-141,-152,-177,-248,-238,-298,-301,-355,-347,-306,-309,-660,-660,-682,-682,-683,-682,-913,-865,-745]} 1. Nf3 Nf6 2. c4 g6 3. Nc3 Bg7 4. e4 e5 5. d4 exd4 6. Nxd4 O-O {A10: English Opening: Unusual Replies for Black.} 7. Be2 c6 8. O-O Re8 {The position is equal.} 9. Bf3 d6 10. Bf4 Na6 11. Re1 Nc5 12. Nb3 $36 {[%mdl 2048] White has the initiative.} Nxb3 13. axb3 Bf8 14. Qd4 Bg4 {[#]} 15. Bg5 $1 {[%cal Rg5f6]} Bxf3 16. Bxf6 ({Don't take} 16. gxf3 $6 Be7 $11) 16... c5 17. Bxd8 cxd4 18. Nb5 (18. Nd5 $16 {And now Nf6+ would win.} Rexd8 19. gxf3) 18... Rxe4 $11 {[#] Threatens to win with ...Rg4!} 19. Bf6 Rxe1+ 20. Rxe1 Bg4 21. Nxd4 a6 22. f3 Bd7 23. g4 h6 24. h4 Rc8 25. g5 Rc5 (25... d5 $5) 26. Kf2 h5 27. Ke3 (27. Ne2 $142) 27... d5 28. Kd3 dxc4+ 29. bxc4 Rc8 30. Re4 Bd6 31. Be7 (31. Be5 $11 {keeps the balance.} Bc5 32. Bf6) 31... Bg3 $17 32. Ne2 Bf2 33. Kc3 (33. Nd4 $142) 33... Bf5 34. Re5 Bxh4 35. Nd4 Bg3 36. Rd5 h4 37. Nxf5 $2 (37. Bd6) 37... gxf5 $19 {Black is clearly winning.} 38. Bd6 f4 39. Rd1 h3 40. Kd4 Kh7 41. Ke4 {Av CentiPawn Loss W=-31/B=-9. Weighted=-27/-10} 0-1